Tìm hiểu kho sách Hán Nôm Thư tịch chí Việt Nam
Đã lưu trong:
| Tác giả chính: | |
|---|---|
| Định dạng: | Sách |
| Các nhãn: |
Thêm thẻ
Không có thẻ, Là người đầu tiên thẻ bản ghi này!
|
| Thư viện lưu trữ: | Mạng thư viện Đại học Đà Nẵng |
|---|
| LEADER | 00628nam a2200205 4500 | ||
|---|---|---|---|
| 001 | 000005292 | ||
| 003 | 1436 | ||
| 005 | 20150812140800.0 | ||
| 008 | 110815s sd | ||
| 100 | 0 | |a Trần Văn Giáp | |
| 245 | 0 | 0 | |a Tìm hiểu kho sách Hán Nôm |b Thư tịch chí Việt Nam |
| 774 | |a Trần Văn Giáp |b In lần thứ 2 |d Văn Hóa |d H. |d 1984 |g Tập 1 |h 431 tr |t Thư tịch chí Việt Nam |w 1441 | ||
| OWN | |a LSP | ||
| 999 | |a From the UDN01 | ||
| TYP | |a Monograph | ||
| TYP | |a Printed language | ||
| 980 | |a Mạng thư viện Đại học Đà Nẵng | ||